000 01194nam a2200325 i 4500
003 CO-BoRNBP
005 20241122090606.0
007 ta
008 241122s2021 ck a|||| |||| 00| 0 esp d
020 _a9789585159815
040 _aCO-BoRNBP
_bspa
_cCO-BoRNBP
_erda
043 _as-ck---
082 _a861.5 L65c
_bL65c
_2Primera edición
100 1 _aLondoño, Dilia
_944085
245 1 _aCuando yo sea grande/
_cDilia Londoño; ilustraciones, Chío Padilla.
250 _aPrimera edición
264 4 _aBogota, Colombia.
_bEnlace Editorial
_c©2021
300 _a43 páginas,
_bilustraciones a color,
_c20 cm.
_eCartilla de entrenamiento de lectura
336 _2rdacontent
_atexto
_btxt
337 _2rdamedia
_asin mediación
_bn
338 _2rdacarrier
_avolumen
_bnc
490 _aColección El Tren Dorado, Tercera estación
650 _2LEMB
_aLiteratura infantil
_92746
650 _2LEMB
_aPoesía infantil
_91029
650 _2LEMB
_aVida
_vfamilia
_xamor
_944086
700 _aAlfonso Rubiano
_eDirección general
_944087
700 _aNathalia Castañeda Aponte
_eDirección editorial
_944088
700 _aJulio Enrique Higuera Monroy
_eDiagramación
_944089
942 _2ddc
_cBKINF
999 _c38577
_d38577